Coleccion de Córtes de los antiguos reinos de España. (Record no. 184562)
[ view plain ]
| 000 -LEADER | |
|---|---|
| campo de control de longitud fija | 00661nam a2200169 i 4500 |
| 001 - NÚMERO DE CONTROL | |
| campo de control | 184562 |
| 003 - IDENTIFICADOR DE NÚMERO DE CONTROL | |
| campo de control | ES-MaACL |
| 005 - FECHA Y HORA DE LA ÚLTIMA TRANSACCIÓN | |
| campo de control | 20230906222227.0 |
| 008 - DATOS DE LONGITUD FIJA--INFORMACIÓN GENERAL | |
| campo de control de longitud fija | 151022s1855 sp |||| | spa d |
| 245 00 - MENCIÓN DEL TÍTULO | |
| Título | Coleccion de Córtes de los antiguos reinos de España. |
| Nombre de parte o sección de la obra | Catálogo / |
| Mención de responsabilidad, etc. | por la Real Academia de la Historia. |
| 260 ## - PUBLICACIÓN, DISTRIBUCIÓN, ETC. | |
| Lugar de publicación, distribución, etc. | Madrid : |
| Nombre del editor, distribuidor, etc. | [s.n.], |
| Fecha de publicación, distribución, etc. | 1855 ( |
| Fabricante | Imp. de José Rodriguez) |
| 300 ## - DESCRIPCIÓN FÍSICA | |
| Extensión | VI, 214 p. ; |
| Dimensiones | 28 cm. |
| 650 #4 - PUNTO DE ACCESO ADICIONAL DE MATERIA--TÉRMINO DE MATERIA | |
| Término de materia o nombre geográfico como elemento de entrada | Parlamentos- |
| Subdivisión geográfica | España- |
| Subdivisión de forma | Historia- |
| -- | Fuentes- |
| -- | Bibliografías. |
| 9 (RLIN) | 157978 |
| 651 #4 - PUNTO DE ACCESO ADICIONAL DE MATERIA--NOMBRE GEOGRÁFICO | |
| Nombre geográfico | España- |
| Subdivisión general | Historia- |
| Subdivisión de forma | Fuentes- |
| -- | Bibliografías. |
| 9 (RLIN) | 149318 |
| 710 2# - ENTRADA AGREGADA--NOMBRE DE ENTIDAD CORPORATIVA | |
| Nombre de entidad corporativa o nombre de jurisdicción como elemento de entrada | Real Academia de la Historia (España) |
| 9 (RLIN) | 6309 |
| 852 ## - LOCALIZACIÓN | |
| Ubicación | ES-MaACL |
| Número de control de estantería | F-2222 |
| Estatus retirado | Estado de pérdida | Estado de daño | No para préstamo | Colección | Biblioteca de origen | Biblioteca actual | Ubicación en estantería | Fecha de adquisición | Fuente de adquisición | Total de préstamos | Signatura topográfica completa | Código de barras | Visto por última vez | Precio de reemplazo | Tipo de ítem Koha |
|---|---|---|---|---|---|---|---|---|---|---|---|---|---|---|---|
| Libros del s. XIX | Biblioteca del Ateneo de Madrid | Biblioteca del Ateneo de Madrid | Depósito 2 | 22/10/2015 | F-2222 | 1194310 | 23/02/2023 | 23/02/2023 | Libro impreso antiguo |
